| 000 | 00806nam a22002177a 4500 | ||
|---|---|---|---|
| 008 | 260128b |||||||| |||| 00| 0 eng d | ||
| 020 | _a9781422149362 | ||
| 050 |
_aHD38.5 _b.S575 2010 |
||
| 100 | _aSlone, Reuben E. | ||
| 245 |
_aThe new supply chain agenda : _bthe 5 steps that drive real value / _cReuben E. Slone, J. Paul Dittmann, and John T. Mentzer. |
||
| 260 |
_aBoston, MA : _bHarvard Business Review Press, _c2010. |
||
| 300 |
_a216 pages ; _c24 cm. |
||
| 504 | _aIncludes bibliographical references and index. | ||
| 650 | _aBusiness logistics. | ||
| 650 | _aSupply chain management. | ||
| 650 | _aOrganizational collaboration. | ||
| 650 | _aEconomic profit. | ||
| 700 | _aDittmann, J. Paul. | ||
| 700 | _aMentzer, John T. | ||
| 942 |
_2lcc _hHD38.5 .S575 2010 _cBOOKS |
||
| 999 |
_c32358 _d32358 |
||